| 000 | 00897cam a22002652 4500 | ||
|---|---|---|---|
| 001 | 14309 | ||
| 003 | BD-RjUL | ||
| 005 | 20211208235615.0 | ||
| 008 | 140205s1965 njua 001 0 eng | ||
| 035 | _a(BD-RjUL)14361 | ||
| 040 |
_aDLC _cCarP _dDLC _dBD-RjUL _beng |
||
| 041 | _aeng | ||
| 082 |
_a621.3815 _bBEI |
||
| 100 | 1 |
_aBenedict, Reginald Ralph. [from old catalog] _942855 |
|
| 245 | 1 | 0 |
_aIndustrial electronic circuits and applications / _cR. Ralph Benedict [and] Nathan Weiner. |
| 260 |
_aEnglewood Cliffs, N.J. : _bPrentice-Hall, _c1965. |
||
| 300 |
_axv, 527 p. : _billus. ; _c24 cm. |
||
| 504 | _aIncludes index. | ||
| 650 | 0 |
_aIndustrial electronics. _944673 |
|
| 700 | 1 |
_aWeiner, Nathan, [from old catalog] _ejoint author. _942857 |
|
| 942 |
_2ddc _cBK |
||
| 999 |
_c14309 _d14309 |
||